00229nam a2200085Ia 4500008004100000100002000041245002800061260004500089260000900134170620s9999 xx 000 0 und d aSharma- Promila 0aPhilosophy of Education bNew Delhi- A.P.H. Publishing corporation c2004